|
|
|
|
| LEADER |
00000nab a2200000 a 4500 |
| 001 |
vtls000724290 |
| 003 |
SK-MaSNL |
| 005 |
20260304114730.0 |
| 008 |
250429c2000 xo 0 slo |
| 015 |
|
|
|a SNBRB2000/06-15126
|
| 035 |
|
|
|a CLN000076454
|
| 035 |
|
|
|a urn:nbn:sk:snk-ab1rtz
|
| 035 |
|
|
|a (urnnbn)urn:nbn:sk:snk:ar-a008ij
|
| 035 |
|
|
|a (uuid)d32dc0d4-6d80-4c33-b643-a7cfeb9cf8b6
|
| 040 |
|
|
|a SNKBUCL
|b slo
|c SNKBUCL
|e AACR2
|
| 041 |
0 |
|
|a slo
|
| 044 |
|
|
|a xo
|c SK
|
| 080 |
|
|
|a 301.162.2-053.2-053.8
|2 1997
|
| 100 |
1 |
|
|a Bohumelová, Daniela
|4 aut
|9 1313254
|
| 245 |
1 |
0 |
|a Generačný dialóg
|b čo sa nepáči starým ľuďom na mládeži
|c Daniela Bohumelová
|
| 650 |
0 |
7 |
|a mládež
|2 SNKPH
|9 1575
|
| 650 |
0 |
7 |
|a seniori
|2 SNKPH
|9 117453
|
| 650 |
0 |
7 |
|a generačné rozdiely
|2 SNKPH
|9 4896
|
| 655 |
|
7 |
|a články z novín a časopisov
|2 SNK
|9 267496
|
| 773 |
0 |
|
|t Rodina a škola
|g Roč. 48, č. 4 (2000), s. 11
|x 0231-6463
|
| 850 |
|
|
|a Slovenská národná knižnica
|
| 852 |
|
|
|a Slovenská národná knižnica
|
| 954 |
|
|
|a odborná, vedecká literatúra pôvodná (slovenská)
|2 lita
|
| 958 |
|
|
|a article27
|
| 958 |
|
|
|a SK
|
| 958 |
|
|
|a OND
|
| 958 |
|
|
|a EUIPO
|
| 992 |
|
|
|a RBX
|
| 999 |
|
|
|c 2873735
|d 2875665
|